000 00698nam a2200241 i 4500
001 bg
100 1 _aKopaliński, Władysław
_d(1918-2007).
245 1 0 _aSłownik symboli /
_cWładysław Kopaliński.
260 _aWarszawa :
_bOficyna Wydawnicza Rytm,
_ccop. 2007.
300 _a516 s. ;
_c25 cm.
490 1 _aSłowniki / "Rzeczpospolita" ;
_vT. 6
650 9 _aSymbole
655 _aEncyklopedie
830 0 _aSłowniki - "Rzeczpospolita" ;
_vT. 6
020 _a9788360688809
040 _cBPK
041 0 _apol
044 _aPOL
080 _a003(03)
942 _cKS
008 s pl f |000 0 pol
999 _c54517
_d54517
856 _uhttp://koha.tu.koszalin.pl/cgi-bin/koha/opac-detail.pl?biblionumber=54517
_yKatalog online BPK